National Mineral Policy: report of the High level Committee (Record no. 511944)

000 -LEADER
fixed length control field 00277nam a2200097 4500
082 ## - DEWEY DECIMAL CLASSIFICATION NUMBER
Classification number Y26x54 In2n
100 ## - MAIN ENTRY--PERSONAL NAME
Personal name India.Planning Commission
9 (RLIN) 12461
245 ## - TITLE STATEMENT
Title National Mineral Policy: report of the High level Committee
260 ## - PUBLICATION, DISTRIBUTION, ETC. (IMPRINT)
Place of publication, distribution, etc New Delhi
Name of publisher, distributor, etc The author
Date of publication, distribution, etc 2006
300 ## - PHYSICAL DESCRIPTION
Extent 208 p.
Holdings
Withdrawn status Lost status Source of classification or shelving scheme Damaged status Koha normalized classification for sorting Not for loan Permanent location Current location Date acquired Full call number Barcode Date last seen Price effective from Koha item type
        Y_26X54_IN2N   Indian Institute of Public Administration Indian Institute of Public Administration 2019-10-22 Y26x54 In2n GG34722 2019-10-22 2019-10-22 GG

Powered by Koha